=LDR 00000nam 2200000 4500 =001 INLIS000000000001771 =005 20130612090148 =008 ***********************************Ind** =035 ##$$0010-061300000001771 =041 ##$$a Ind =082 ##$$a 614.47 =090 ##$$a 614.47, Sur i =100 ##$$a Suraatmaja, Sudrajat =245 ##$$a Imunisasi, Sudrajat Suraatmaja =260 ##$$a 1992 $b Jakarta =300 ##$$a vii,42 hlm, ilus, 19 cm =650 ##$$a Imunisasi =850 ##$$a NBPNMAT